000 00539nam a2200205 a 4500
001 83380
003 BD-RjUL
005 20240318124213.0
008 240318s1959 enk 000 0 eng d
035 _a(BD-RjUL)83380
040 _aHAI
_beng
_cBD-RjUL
041 0 _aeng
082 _223
_a823.91
_bSIF 1959
100 _aSitwell, Osbert
_d1892-1969.
_912386
245 1 4 _aFee fi fo fum /
_cOsbert Sitwell.
260 _aLondon :
_bMacmillan & Co Ltd.,
_c1959
300 _a230 p. ;
_c20 cm.
650 _aEnglish fiction
942 _2ddc
_cBK
999 _c83380
_d83380